| 000 | 00676nam a2200229Ia 4500 | ||
|---|---|---|---|
| 005 | 20250117103423.0 | ||
| 008 | 008 250103s9999 xx 000 0 eng d | ||
| 020 | _a9789811248894 | ||
| 037 | _aTextual | ||
| 040 |
_aCSL _beng _cCSL |
||
| 041 |
_aeng _2eng |
||
| 084 |
_aCN1 R2 _qCSL |
||
| 100 |
_aKomech, Alexander _9439496 |
||
| 245 | 0 |
_aLectures on quantum mechanics and attractors _cKomech, Alexander |
|
| 260 |
_aSingpore _b World Scientific _c2022 |
||
| 300 | _axix, 252p. ill. | ||
| 650 |
_a Attractors of hamiltonian _9732938 |
||
| 650 |
_a Magnetic field _9732895 |
||
| 650 | _aPhysics | ||
| 942 |
_cTEXL _hCN1 R2 |
||
| 999 |
_c1237321 _d1237321 |
||